• 首页
  • 本馆介绍
  • 公告通知
  • 最新文献
  • 馆藏检索
  • 电子资源
  • 读者导购
  • 参考咨询
  • 我的图书馆
  • 登录
  • 详细信息显示
  • 放入我的书架
  • 预约/预借图书
  • 作者相关作品
  • 分类相关作品
  • 丛书相关作品
  • 出版社相关作品

书目信息

  • 表格格式
  • 工作单格式
  • 卡片格式
题名:
大学生心理健康
    
 
作者: 于成文 主编
分册:  
出版信息: 北京   清华大学出版社  2021.08
页数: 315页
开本: 24cm
丛书名:
单 册:
中图分类: G444-43 , B844.2-43
科图分类:
主题词: 大学生--da xue sheng--心理健康--健康教育--高等学校--教材
电子资源:
ISBN: 978-7-302-39862-2
000 01421nam0 2200289 450
001 012001003363
005 20141204150954.0
010    @a978-7-302-39862-2@dCNY48.00
099    @aCAL 012015064946
100    @a20220905d2015 ekmy0chiy50 ea
101 0  @achi
102    @aCN@b110000
105    @aa a 000yy
106    @ar
200 1  @a大学生心理健康@Ada xue sheng xin li jian kang@f于成文主编
210    @a北京@c清华大学出版社@d2021.08
215    @a315页@c图@d24cm
300    @a普通高等学校公共课教材@Apu tong gao deng xue xiao gong gong ke jiao cai
320    @a有书目 (第313-315页)。
330    @a《大学生心理健康》以教育部《普通高等学校学生心理健康教育课程教学基本要求》为标准,立足大学生心理健康教育教学工作实践,结合大学生的心理特征、发展需求和认知规律;既有心理知识的传授,心理活动的体验,也有心理调适技能的训练,体系完整,内容丰富。教材编写组注重吸收国内外心理学最新理论研究成果,在充分调研掌握90后大学生心理特点的基础上,有针对性地通过大量鲜活案例、深度阅读、互动体验、自我测试和知识链接等栏目,增加了全书的趣味性,图文并茂,便于理解,从而达到学以致用的目的。
333    @a本书可以作为高等院校大学生心理健康教育公共课教材,也是一本写给年轻人的心理自助书。
606 0  @a大学生@Ada xue sheng@x心理健康@x健康教育@x高等学校@j教材
690    @aG444-43@v5
690    @aB844.2-43@v5
701  0 @a于成文@Ayu cheng wen@4主编
801  0 @aCN@bAHXH@c20221111
905    @b1374599-603@dG444-43@e736@f5
    
    大学生心理健康/于成文主编.-北京:清华大学出版社,2021.08
    315页:图;24cm
    普通高等学校公共课教材.-使用对象:本书可以作为高等院校大学生心理健康教育公共课教材,也是一本写给年轻人的心理自助书。
    
    ISBN 978-7-302-39862-2:CNY48.00
    《大学生心理健康》以教育部《普通高等学校学生心理健康教育课程教学基本要求》为标准,立足大学生心理健康教育教学工作实践,结合大学生的心理特征、发展需求和认知规律;既有心理知识的传授,心理活动的体验,也有心理调适技能的训练,体系完整,内容丰富。教材编写组注重吸收国内外心理学最新理论研究成果,在充分调研掌握90后大学生心理特点的基础上,有针对性地通过大量鲜活案例、深度阅读、互动体验、自我测试和知识链接等栏目,增加了全书的趣味性,图文并茂,便于理解,从而达到学以致用的目的。
●
相关链接 在E读中查询图书 在五车中查询图书 在当当中查询图书 在豆瓣中查询图书


正题名:大学生心理健康     索取号:G444-43/736         预约/预借

序号 登录号 条形码 馆藏地/架位号 状态 备注
1 1374599   213745991   第一样本阅览室/ [索取号:G444-43/736] 在馆    
2 1374600   213746008   教育系资料室/ [索取号:G444-43/736] 在馆    
3 1374601   213746017   教育系资料室/ [索取号:G444-43/736] 在馆    
4 1374602   213746026   第四借阅区/ [索取号:G444-43/736] 在馆    
5 1374603   213746035   第四借阅区/ [索取号:G444-43/736] 在馆    
唐山师范学院图书馆 欢迎您!
大连网信软件有限公司© 版权所有